Best Current Finnish NHL Players - Statistics

General Stats
  • This quiz has been taken 287 times
    241 since last reset
  • The average score is 16 of 26
Answer Stats
Position Team/Nickname(If they had one)/hints Answer % Correct
Forward Carolina Hurricanes Sebastian Aho
97%
Forward Colorado Avalanche Mikko Rantanen
95%
Forward Winnipeg Jets Patrik Laine
95%
Forward Florida Panthers Aleksander Barkov
92%
Defensemen Dallas Stars Miro Heiskanen
87%
Goalies Nashville Predators Pekka Rinne
83%
Forward Carolina Hurricanes Teuvo Teravainen
83%
Goalies Nashville Predators Juuse Saros
82%
Goalies Boston Bruins Tuukka Rask
81%
Defensemen Dallas Stars Esa Lindell
78%
Forward New York Rangers Kappo Kakko
72%
Defensemen Buffalo Sabres Rasmus Ristolainen
69%
Goalies Columbus Blue Jackets Joonas Korpisalo
62%
Forward Montreal Canadiens Joel Armia
61%
Forward Montreal Canadiens Jesperi Kotkaniemi
59%
Forward Toronto Maple Leafs Kasperi Kapanen
58%
Forward New York Islanders Leo Komarov
54%
Defensemen Los Angeles Kings Olli Maatta
49%
Forward Columbus Blue Jackets Mikko Koivu
43%
Defensemen Buffalo Sabres Henri Jokiharju
42%
Forward New York Islanders Valtteri Filppula
40%
Forward Colorado Avalanche Joonas Donskoi
38%
Forward FA Erik Haula
31%
Defensemen FA Sami Vatanen
23%
Defensemen Dallas Stars Jullius Honka
21%
Defensemen Florida Panthers Markus Nutivaara
21%
No matching quizzes found
Score Distribution
Percent of People with Each Score
Percentile by Number Answered
Your Score History
You have not taken this quiz since the last reset